[Event "Najdorf Memorial"]
[Site "Warsaw POL"]
[Date "2023.07.18"]
[Round "8.23"]
[White "Korbal, Arkadiusz"]
[Black "Podgorski, Maciej"]
[Result "1/2-1/2"]
[WhiteElo "2080"]
[BlackElo "1960"]

1. c4 e5 2. Nc3 Nf6 3. Nf3 Nc6 4. e3 h6 5. Qc2 Bb4 6. Be2 Bxc3 7. Qxc3 d6
8. b4 e4 9. Nd4 Ne5 10. f4 exf3 11. Nxf3 Nfg4 12. O-O O-O 13. h3 Nxf3+ 14.
Rxf3 Ne5 15. Rg3 Qh4 16. Kh2 f5 17. Bb2 Bd7 18. Rf1 Rae8 19. d4 Ng4+ 20.
Bxg4 fxg4 21. d5 Qg5 22. Rxf8+ Rxf8 23. e4 h5 24. hxg4 hxg4 25. Kg1 Re8 26.
Re3 Bf5 27. Bc1 Bg6 28. Rg3 Qe5 29. Qxe5 Rxe5 30. Rxg4 Rxe4 31. Rxe4 Bxe4
32. Bf4 Kf7 33. Kf2 Bd3 34. c5 Ke7 35. cxd6+ cxd6 36. Ke3 Bc4 37. Kd4 Bxa2
38. g3 Bb3 39. Bg5+ Kd7 40. Bf4 Bd1 41. Bg5 b6 42. Bd2 Bf3 43. Bc3 g6 44.
Bd2 Kc7 45. Bc3 Kb7 46. Bd2 Bg2 47. Bf4 Kc7 48. Bd2 Kd7 49. Be3 a5 50. bxa5
bxa5 51. Bd2 a4 52. Bb4 Bf1 53. Ba3 Kc7 54. Bb4 Be2 55. Ba3 g5 56. Bb4 g4
1/2-1/2

[Event "Najdorf Memorial"]
[Site "Warsaw POL"]
[Date "2023.07.18"]
[Round "8.24"]
[White "Jedrusik, Adam"]
[Black "Minald, Andrey"]
[Result "1/2-1/2"]
[WhiteElo "1970"]
[BlackElo "2091"]

1. d4 d5 2. c4 e6 3. Nc3 Nf6 4. cxd5 exd5 5. Bg5 c6 6. e3 Bd6 7. Bd3 O-O 8.
Qc2 h6 9. Bh4 Re8 10. Nf3 Nbd7 11. O-O Nf8 12. Rab1 Bg4 13. Nd2 Bh5 14. Bg3
Bxg3 15. hxg3 Bg6 16. b4 a6 17. a4 Bxd3 18. Qxd3 Ne6 19. Nb3 Ng5 20. b5
axb5 21. axb5 Nge4 22. bxc6 bxc6 23. Nxe4 Nxe4 24. Nd2 Re6 25. Nxe4 dxe4
26. Qe2 Ra5 27. Qg4 Qf6 28. Qh4 Rg5 29. Rfc1 Kh7 30. Rc2 Qg6 1/2-1/2

[Event "Najdorf Memorial"]
[Site "Warsaw POL"]
[Date "2023.07.18"]
[Round "8.25"]
[White "Smetek, Michal"]
[Black "Flaata, Alexander R."]
[Result "1-0"]
[WhiteElo "1943"]
[BlackElo "2068"]

1. d4 Nf6 2. c4 c5 3. d5 b5 4. Qc2 Qa5+ 5. Bd2 b4 6. e4 d6 7. f4 g6 8. Bd3
Bg7 9. h3 O-O 10. Nf3 e6 11. O-O exd5 12. exd5 Re8 13. f5 Nbd7 14. Bf4 b3
15. Qxb3 Rb8 16. Qc2 Rxb2 17. Qxb2 Nh5 18. Qc1 Nxf4 19. Qxf4 Bxa1 20. fxg6
hxg6 21. Nbd2 Be5 22. Nxe5 Nxe5 23. Ne4 Rf8 24. Be2 Qc7 25. Qf6 Ba6 26.
Nxd6 Nd7 27. Qe7 f5 28. Qe6+ Kh7 29. Qe7+ Kg8 30. Bd3 Qd8 31. Qe6+ Kg7 32.
Nxf5+ gxf5 33. Qxa6 Qg5 34. Qe6 Rf7 35. Rxf5 Qc1+ 36. Kh2 Nf6 37. Qe5 Qd2
38. Rf3 Qh6 39. Rg3+ Kh8 40. d6 Rg7 41. Rxg7 Qxg7 42. Qxc5 Qh6 43. Qf5 a5
44. c5 a4 45. d7 Nxd7 46. Qxd7 Qf4+ 47. Kg1 Qe3+ 48. Kf1 Qc1+ 49. Ke2 Qb2+
50. Kf3 Qf6+ 51. Qf5 Qe7 52. Qh7+ Qxh7 53. Bxh7 1-0

[Event "Najdorf Memorial"]
[Site "Warsaw POL"]
[Date "2023.07.18"]
[Round "8.27"]
[White "Zalega, Maciej"]
[Black "Lasota, Adam"]
[Result "1-0"]
[WhiteElo "2182"]
[BlackElo "1927"]

1. e4 c5 2. Nf3 e6 3. g3 Qc7 4. Bg2 Nc6 5. c3 Nf6 6. Qe2 d5 7. exd5 Nxd5 8.
O-O Be7 9. Rd1 O-O 10. d4 cxd4 11. Nxd4 Nxd4 12. Rxd4 Bf6 13. Rd1 Bd7 14.
Nd2 Bc6 15. Ne4 Be7 16. c4 Nf6 17. Bf4 e5 18. Bd2 Nxe4 19. Bxe4 Bxe4 20.
Qxe4 f5 21. Qd5+ Kh8 22. Bc3 Bf6 23. Qe6 f4 24. Rd7 Qc8 25. Rad1 fxg3 26.
hxg3 Re8 27. Qd5 b6 28. Kg2 h6 29. Qe4 Re6 30. f4 Re8 31. fxe5 Qc5 32. b4
Qc8 33. Qd5 Bg5 34. e6 Rg8 35. Qxg5 Qc6+ 36. Qd5 1-0

[Event "Najdorf Memorial"]
[Site "Warsaw POL"]
[Date "2023.07.18"]
[Round "8.28"]
[White "Markuszewski, Maksymilian"]
[Black "Persson, Andreas"]
[Result "1/2-1/2"]
[WhiteElo "2039"]
[BlackElo "2135"]

1. d4 d5 2. c4 e6 3. Nf3 Nf6 4. Nc3 a6 5. c5 b6 6. cxb6 c5 7. Bf4 Qxb6 8.
Na4 Qa7 9. dxc5 Bxc5 10. Nxc5 Qxc5 11. Rc1 Qa5+ 12. Bd2 Qd8 13. Bb4 Bd7 14.
Ne5 Qb6 15. Qb3 Nc6 16. Nxc6 Bxc6 17. e3 Rb8 18. Bc3 Qxb3 19. axb3 Kd7 20.
Bxa6 Rxb3 21. f3 Ne8 22. Kd2 Nd6 23. Kc2 Rb6 24. Ra1 f6 25. Bd3 Rb7 26.
Rhd1 e5 27. Ra5 g6 28. f4 Ke6 29. fxe5 fxe5 30. Rf1 Rhb8 31. Be2 Ne4 32.
Ra6 Kd6 33. Ra2 Rb6 34. Ba5 R6b7 35. b4 Bb5 36. Bxb5 Rxb5 37. Rf7 R5b7 38.
Rxb7 Rxb7 39. Kb3 g5 40. Rc2 h5 41. Rc8 Nd2+ 42. Ka4 Nc4 43. e4 Nxa5 44.
exd5 Kxd5 45. bxa5 e4 46. a6 Re7 47. Kb5 e3 48. Rc1 Kd4 49. Kb6 Kd3 50. Rc7
Re8 51. Rd7+ Kc2 52. a7 e2 53. Re7 Rxe7 54. a8=Q e1=Q 55. Qa2+ Kd1 56. Qb3+
Kd2 57. Qb4+ Kd3 58. Qa3+ Kd2 59. Qb4+ Kd1 60. Qd6+ Qd2 61. Qxe7 Qxg2 62.
Qd7+ Qd2 63. Qa4+ Ke2 64. Qb5+ Kf2 65. Qf5+ Qf4 66. Qc2+ Kg1 67. Qd1+ Kxh2
68. Qxh5+ Kg2 69. Qd1 g4 70. Ka5 Qf5+ 71. Kb4 Qf4+ 72. Ka5 g3 73. Qe2+ Qf2
74. Qe4+ Kh2 75. Qh7+ Kg1 76. Qb1+ Qf1 77. Qb6+ Kh2 78. Qh6+ Qh3 79. Qd2+
g2 80. Qf4+ Kh1 81. Qe4 Qh5+ 82. Ka4 Qh6 83. Ka5 Qh5+ 84. Ka4 Kh2 85. Qf4+
Kh1 86. Qe4 1/2-1/2

[Event "Najdorf Memorial"]
[Site "Warsaw POL"]
[Date "2023.07.18"]
[Round "8.29"]
[White "Orzechowski, Jacek"]
[Black "Dalkowski, Rafal"]
[Result "0-1"]
[WhiteElo "2105"]
[BlackElo "2025"]

1. c4 e6 2. Nc3 d5 3. cxd5 exd5 4. d4 Nf6 5. Bg5 Be6 6. e3 Nbd7 7. Bd3 h6
8. Bh4 Bd6 9. Nge2 g5 10. Bg3 Bxg3 11. Nxg3 c6 12. Nf5 Qb6 13. a3 Bxf5 14.
Bxf5 Qxb2 15. Ne2 Qb6 16. O-O Qc7 17. Nc3 Ng8 18. Rc1 Qd6 19. e4 Ne7 20. e5
Qxa3 21. Bxd7+ Kxd7 22. Qg4+ Ke8 0-1

[Event "Najdorf Memorial"]
[Site "Warsaw POL"]
[Date "2023.07.18"]
[Round "8.30"]
[White "Majek, Kacper"]
[Black "Zhuk, Ivan"]
[Result "1-0"]
[WhiteElo "2090"]
[BlackElo "2017"]

1. e4 c5 2. Nf3 d6 3. d4 cxd4 4. Nxd4 Nf6 5. Nc3 a6 6. Rg1 e5 7. Nb3 Be6 8.
g4 d5 9. exd5 Nxd5 10. Nxd5 Qxd5 11. Qxd5 Bxd5 12. Be3 Nc6 13. c3 O-O-O 14.
Nd2 Be7 15. a4 h5 16. g5 h4 17. b4 f5 18. gxf6 gxf6 19. b5 Nb8 20. Bh3+ Nd7
21. O-O-O axb5 22. axb5 Kc7 23. Rg7 Bf8 24. Rxd7+ Rxd7 25. Nc4 Rhh7 26.
Bxd7 Rxd7 27. Nd2 h3 28. Rg1 Bg2 29. Kc2 Kd6 30. Ra1 Ke6 31. Ra8 Be7 32.
Rh8 Rd8 33. Rh7 Ra8 34. Kb2 Ba3+ 35. Kc2 Bd6 36. Kb2 Be7 37. f3 Ra5 38. c4
Ra4 39. Bf2 Ra8 40. Be3 Rd8 41. Kc3 Ra8 42. Kb2 Rg8 43. Kb3 Rf8 44. Rxe7+
Kxe7 45. Bc5+ Kf7 46. Bxf8 Kxf8 47. Kb4 Ke7 48. Kc5 Kd7 49. Kb6 f5 50. c5
e4 51. fxe4 Bxe4 52. Nxe4 fxe4 53. Kxb7 e3 54. c6+ Ke7 55. c7 e2 56. c8=Q
e1=Q 57. Qc5+ Kd8 58. Qd6+ Ke8 59. b6 Kf7 60. Kc7 Qc3+ 61. Kd7 Qb2 62. Kc8
Qh8+ 63. Qd8 Qa1 64. b7 Qa6 65. Qd5+ Ke7 66. Kc7 Qa7 67. Qd6+ Kf7 68. Kc8
Ke8 69. Qc6+ Ke7 70. b8=Q Qd4 71. Qbc7+ 1-0

[Event "Najdorf Memorial"]
[Site "Warsaw POL"]
[Date "2023.07.18"]
[Round "8.31"]
[White "Niezhentsev, Kyrylo"]
[Black "Lecki, Leonard"]
[Result "0-1"]
[WhiteElo "2057"]
[BlackElo "1995"]

1. c4 e5 2. g3 Nf6 3. Bg2 c6 4. Nf3 e4 5. Nd4 Qb6 6. Nc2 d5 7. cxd5 cxd5 8.
d3 Nc6 9. Nc3 exd3 10. Qxd3 d4 11. Ne4 Be7 12. O-O O-O 13. b3 h6 14. Bb2
Rd8 15. Rfd1 Bg4 16. f3 Nxe4 17. fxg4 Nc5 18. Qf5 d3 19. Ne3 Ne6 20. Rxd3
Rxd3 21. Qxd3 Rd8 22. Qe4 Ng5 23. Qf4 Bd6 24. Qf2 Bc5 25. Bc1 Re8 26. h4
Rxe3 27. hxg5 Rxe2 0-1

[Event "Najdorf Memorial"]
[Site "Warsaw POL"]
[Date "2023.07.18"]
[Round "8.32"]
[White "Babiarz, Arkadiusz"]
[Black "Dylong, Antoni"]
[Result "1-0"]
[WhiteElo "1976"]
[BlackElo "2039"]

1. e4 e6 2. d4 d5 3. Nc3 Nc6 4. e5 f6 5. Bb5 Bd7 6. Nf3 Qe7 7. O-O Qf7 8.
Ne2 O-O-O 9. a4 Nge7 10. b4 fxe5 11. dxe5 h6 12. Ned4 g5 13. Bxc6 Nxc6 14.
Nxc6 Bxc6 15. b5 Be8 16. Be3 Kb8 17. Qd4 b6 18. Rfb1 Bc5 19. Qc3 g4 20. Nd4
Bxd4 21. Bxd4 h5 22. a5 h4 23. Qe3 Rd7 24. Qa3 Qe7 25. Qa4 h3 26. axb6 cxb6
27. Bxb6 hxg2 28. Be3 Rxh2 29. b6 Rh1+ 30. Kxg2 Rxb1 31. bxa7+ Ka8 32. Qc6+
1-0

[Event "Najdorf Memorial"]
[Site "Warsaw POL"]
[Date "2023.07.18"]
[Round "8.33"]
[White "Wadelek, Karol"]
[Black "Adamski, Jan"]
[Result "1-0"]
[WhiteElo "1943"]
[BlackElo "2099"]

1. e4 c5 2. Nf3 e6 3. d4 cxd4 4. Nxd4 Nf6 5. Nc3 d6 6. g4 h6 7. h4 Be7 8.
g5 hxg5 9. Bxg5 a6 10. Qd2 b5 11. a3 Bb7 12. f3 Nbd7 13. O-O-O Rc8 14. Bh3
Ne5 15. Bxe6 Nxf3 16. Bxf7+ Kxf7 17. Nxf3 Kg8 18. Rhe1 Qa5 19. Kb1 Rxc3 20.
Qxc3 Qxc3 21. bxc3 Kf7 22. Rd4 Rc8 23. Kb2 Nd7 24. e5 1-0

[Event "Najdorf Memorial"]
[Site "Warsaw POL"]
[Date "2023.07.18"]
[Round "8.34"]
[White "Kovalevsky, Stanislav"]
[Black "Kondys, Piotr"]
[Result "1/2-1/2"]
[WhiteElo "2226"]
[BlackElo "2063"]

1. e4 e6 2. d4 d5 3. exd5 exd5 4. Bd3 Nc6 5. c3 Bd6 6. h3 Nge7 7. Nf3 Bf5
8. b4 Qd7 9. Bxf5 Qxf5 10. Na3 O-O-O 11. Nc2 Qg6 12. O-O Nf5 13. a4 f6 14.
a5 Nce7 15. b5 h5 16. b6 cxb6 17. axb6 a6 18. Nb4 Qe8 19. Qd3 Qb5 20. Qxb5
axb5 21. Nd3 Kd7 22. Bf4 Bxf4 23. Nxf4 g5 24. Nd3 Kc6 25. g4 hxg4 26. hxg4
Nh4 27. Nd2 Neg6 28. Rfe1 Rhe8 29. Nb4+ Kd6 30. Kf1 Ra8 31. Ra7 Rxa7 32.
bxa7 Ra8 33. Ra1 Ne7 34. Ra5 Nhg6 35. Nb3 Nf4 36. f3 Nc6 37. Rxb5 Rxa7 38.
Nxc6 bxc6 39. Rb8 Ra3 40. Rb7 Ne6 41. Ke2 Ra2+ 42. Kd1 Rb2 43. Kc1 1/2-1/2

[Event "Najdorf Memorial"]
[Site "Warsaw POL"]
[Date "2023.07.18"]
[Round "8.35"]
[White "Hetzer, Volkhard"]
[Black "Smietanska, Wiktoria"]
[Result "0-1"]
[WhiteElo "1952"]
[BlackElo "1964"]

1. d4 d5 2. Nf3 Nf6 3. c4 c6 4. cxd5 cxd5 5. Nc3 Nc6 6. Bf4 Nh5 7. Be5 e6
8. e3 Be7 9. Bd3 Nxe5 10. Nxe5 Nf6 11. O-O O-O 12. f4 Nd7 13. Qh5 f5 14.
Rac1 Nxe5 15. fxe5 Bg5 16. Qf3 Bd7 17. Kh1 Qe8 18. Rc2 Qg6 19. Ne2 Qh6 20.
Nf4 Bd8 21. Qh5 Qxh5 22. Nxh5 Ba5 23. Rfc1 Rac8 24. Kg1 Bd2 25. Rxc8 Bxe3+
26. Kf1 Rxc8 0-1

[Event "Najdorf Memorial"]
[Site "Warsaw POL"]
[Date "2023.07.18"]
[Round "8.36"]
[White "Rasmussen, Jonas H"]
[Black "Saveljevs, Aleksandrs"]
[Result "1-0"]
[WhiteElo "1970"]
[BlackElo "2028"]

1. d4 Nf6 2. Nf3 c5 3. d5 e6 4. Nc3 exd5 5. Nxd5 Nxd5 6. Qxd5 Nc6 7. e4 d6
8. Bc4 Be6 9. Qd3 Be7 10. Bf4 g5 11. Bg3 g4 12. Nd2 Qd7 13. c3 O-O-O 14.
O-O-O Rhf8 15. Bxe6 fxe6 16. h3 h5 17. hxg4 hxg4 18. Nc4 d5 19. Qe2 Qe8 20.
exd5 Bg5+ 21. Kb1 Qg6+ 22. Ka1 exd5 23. Qxg4+ Qf5 24. Qxf5+ Rxf5 25. Nd6+
Rxd6 26. Bxd6 Rxf2 27. Bxc5 Rxg2 28. Rhg1 Rxg1 29. Rxg1 Bd2 30. Rd1 Bf4 31.
Rxd5 Bc7 32. Kb1 b6 33. Bd6 Bd8 34. b4 Bf6 35. Kc2 Kb7 36. b5 Nd8 37. Be7
Bxe7 38. Rd7+ Kb8 39. Rxe7 Nb7 40. Kd3 Nd6 41. c4 Ka8 42. Rh7 Kb8 43. Kd4
Nb7 44. Kd5 Kc8 45. Rh8+ Kc7 46. Ra8 1-0

[Event "Najdorf Memorial"]
[Site "Warsaw POL"]
[Date "2023.07.18"]
[Round "8.37"]
[White "Zaninotto, Franco"]
[Black "Klim, Filip"]
[Result "1/2-1/2"]
[WhiteElo "2026"]
[BlackElo "2006"]

1. e4 c5 2. c3 d5 3. exd5 Qxd5 4. d4 g6 5. Nf3 Bg7 6. Nbd2 cxd4 7. Bc4 Qa5
8. Nxd4 Nf6 9. O-O O-O 10. Qe2 Re8 11. N2f3 Bd7 12. Ne5 e6 13. Rd1 Nd5 14.
Nxd7 Nxd7 15. Bb3 Rad8 16. Qb5 Qb6 17. Qxb6 N7xb6 18. a4 e5 19. Nb5 a6 20.
Na3 Nf4 21. Bxf4 exf4 22. Kf1 Bf6 23. a5 Nc8 24. Nc4 Rxd1+ 25. Rxd1 Rd8 26.
Ke2 Kg7 27. Bc2 Rxd1 28. Kxd1 Bd8 29. Be4 b5 30. Bb7 Na7 31. Nb6 Kf6 32. b4
Ke5 33. Nc8 Nxc8 34. Bxc8 Kd5 35. Kc2 Kc4 36. Bg4 Bh4 37. Be2+ Kd5 38. Bf3+
Kc4 39. Be2+ Kd5 40. Kd3 Bxf2 41. Bf3+ Kd6 42. Bb7 Be1 43. Bxa6 Kc6 44. Bc8
h5 45. a6 Kb6 46. Bd7 Kxa6 47. Be8 g5 48. Bxf7 h4 49. Be6 Kb6 50. Bd7 Ka6
51. c4 Bxb4 52. cxb5+ 1/2-1/2

[Event "Najdorf Memorial"]
[Site "Warsaw POL"]
[Date "2023.07.19"]
[Round "9.1"]
[White "Kazakouski, Valery"]
[Black "Sengupta, Deep"]
[Result "1/2-1/2"]
[WhiteElo "2539"]
[BlackElo "2456"]

1. c4 c5 2. Nf3 Nf6 3. Nc3 Nc6 4. g3 d5 5. cxd5 Nxd5 6. Bg2 Nc7 7. d3 e5 8.
Nd2 Bd7 9. Nc4 b5 10. Ne3 Be7 11. O-O O-O 12. b3 Rb8 13. Bb2 Nd4 14. Ned5
Nxd5 15. Nxd5 Bg4 16. f3 Bh5 17. Nxe7+ Qxe7 18. e3 Nf5 19. Qe1 Bg6 20. Rf2
Rfd8 21. Bf1 Rbc8 22. Rc1 Nd6 23. Rfc2 c4 24. e4 cxd3 25. Bxd3 f6 26. Rxc8
Rxc8 27. Ba3 Qd8 28. Bxd6 Rxc1 29. Qxc1 Qxd6 30. Qc8+ Kf7 31. Qb7+ Kf8 32.
Qxb5 Qd4+ 33. Kg2 Be8 34. Qd5 Qxd5 35. exd5 g6 36. d6 Bc6 37. h4 Ke8 38. g4
Kd7 39. g5 Kxd6 40. Kf2 fxg5 41. hxg5 Kc5 42. Bc4 Kd4 43. Bg8 Be8 44. b4
Kd3 45. Bb3 e4 46. fxe4 Kxe4 47. Kg3 Kf5 48. Kh4 Ke4 49. Bg8 Kd4 50. Kg4
Kc3 51. Kf4 Kxb4 52. Ke5 Ka3 53. Kf6 a5 54. Kg7 Bc6 55. Kxh7 Be4 56. Bf7 a4
57. Bxg6 Bxg6+ 58. Kxg6 Kxa2 59. Kf5 1/2-1/2

[Event "Najdorf Memorial"]
[Site "Warsaw POL"]
[Date "2023.07.19"]
[Round "9.2"]
[White "Jakubowski, Krzysztof"]
[Black "Tomczak, Jacek"]
[Result "0-1"]
[WhiteElo "2486"]
[BlackElo "2606"]

1. d4 Nf6 2. Nf3 e6 3. e3 b6 4. Bd3 Bb7 5. O-O d6 6. c4 Nbd7 7. Nc3 c5 8.
b3 Be7 9. Bb2 O-O 10. d5 exd5 11. cxd5 Ne8 12. Qc2 g6 13. e4 Nc7 14. Nd2
Bf6 15. f4 Ba6 16. Nc4 Bd4+ 17. Kh1 Nf6 18. a4 Ng4 19. Rf3 Qh4 20. g3 Qh5
21. Raf1 Rad8 22. h4 f5 23. e5 dxe5 24. d6 Ne6 25. Nxe5 Bb7 26. Bc4 Nxe5
27. Bxe6+ Kh8 28. fxe5 Bxf3+ 29. Kh2 f4 30. Re1 fxg3+ 31. Kxg3 Bxe5+ 32.
Kh3 Bg4+ 33. Kg2 Qxh4 34. Ne4 Qh2# 0-1

[Event "Najdorf Memorial"]
[Site "Warsaw POL"]
[Date "2023.07.19"]
[Round "9.3"]
[White "Jarmula, Lukasz"]
[Black "Rozentalis, Eduardas"]
[Result "1/2-1/2"]
[WhiteElo "2435"]
[BlackElo "2496"]

1. Nf3 Nf6 2. c4 e6 3. Nc3 Bb4 4. Qc2 d6 5. d4 Nbd7 6. Bd2 O-O 7. a3 Bxc3
8. Bxc3 Qe7 9. e3 e5 10. Be2 Re8 11. dxe5 dxe5 12. O-O b6 13. b4 Bb7 14.
Rad1 Rad8 15. Qb2 Rb8 16. Qc2 Ne4 17. Bb2 Rbd8 18. Bd3 Nef6 19. Nd2 e4 20.
Be2 Ne5 21. Qc3 Nd3 22. Ba1 Qe6 23. Nb3 Qf5 24. Nc1 Qg6 25. g3 Ng4 26. Nxd3
exd3 27. Bxg4 Qxg4 28. f3 Qg5 29. e4 h5 30. Qd2 Qxd2 31. Rxd2 f5 32. e5 Kf7
33. Kf2 Rd7 34. Rfd1 Red8 35. h4 a6 36. Ke3 Bc6 37. Rxd3 Rxd3+ 38. Rxd3
Rxd3+ 39. Kxd3 Bxf3 40. e6+ Kxe6 41. Bxg7 1/2-1/2

[Event "Najdorf Memorial"]
[Site "Warsaw POL"]
[Date "2023.07.19"]
[Round "9.4"]
[White "Cukrowski, Filip"]
[Black "Romanishin, Oleg M"]
[Result "1-0"]
[WhiteElo "2378"]
[BlackElo "2389"]

1. d4 Nf6 2. c4 e6 3. Nf3 Bb4+ 4. Nbd2 b6 5. g3 Ba6 6. Qc2 Bb7 7. Bg2 Be4
8. Qd1 O-O 9. O-O Bxd2 10. Qxd2 d6 11. Qf4 Nbd7 12. Rd1 Qe7 13. Qh4 Rfe8
14. g4 Bc2 15. Rf1 Bg6 16. Nd2 e5 17. g5 Nh5 18. dxe5 dxe5 19. Bxa8 Rxa8
20. Ne4 Nf8 21. Ng3 Nxg3 22. hxg3 Ne6 23. Be3 c5 24. Rad1 Re8 25. f4 exf4
26. gxf4 Nxg5 27. Bf2 Ne6 28. Qxe7 Rxe7 29. Bh4 f6 30. f5 Bxf5 31. Rxf5 Nd4
32. Rxd4 cxd4 33. Kf1 Kf7 34. Bf2 Ke6 35. Rd5 g5 36. Bxd4 h5 37. e4 Kf7 38.
e5 fxe5 39. Rxe5 1-0

[Event "Najdorf Memorial"]
[Site "Warsaw POL"]
[Date "2023.07.19"]
[Round "9.5"]
[White "Deszczynski, Adam"]
[Black "Kowalski, Igor"]
[Result "0-1"]
[WhiteElo "2321"]
[BlackElo "2380"]

1. c4 c6 2. Nf3 d5 3. e3 Nf6 4. d4 Bf5 5. Nc3 e6 6. Bd3 Bg6 7. O-O Nbd7 8.
b3 Ne4 9. Bb2 Bd6 10. Qc2 f5 11. Ne2 Qf6 12. Nf4 Bf7 13. Be2 Ng5 14. Nd3
Nxf3+ 15. Bxf3 g5 16. a4 Bg6 17. Qc3 Qe7 18. a5 O-O 19. c5 Bc7 20. a6 Rab8
21. Nb4 Be8 22. axb7 g4 23. Be2 Bxh2+ 24. Kxh2 Qh4+ 25. Kg1 Rf6 26. Bxg4
fxg4 27. f4 g3 0-1

[Event "Najdorf Memorial"]
[Site "Warsaw POL"]
[Date "2023.07.19"]
[Round "9.6"]
[White "Yezhel, Valiantsin"]
[Black "Sriram, Jha"]
[Result "1/2-1/2"]
[WhiteElo "2284"]
[BlackElo "2315"]

1. d4 Nf6 2. Nf3 c5 3. c3 Qc7 4. g3 e6 5. Bg2 Nc6 6. O-O d5 7. Bf4 Bd6 8.
Bxd6 Qxd6 9. Nbd2 O-O 10. Re1 cxd4 11. cxd4 Bd7 12. e3 Rfc8 13. a3 Rc7 14.
Bf1 Rac8 15. Bd3 e5 16. dxe5 Nxe5 17. Be2 Rc2 18. b4 Nxf3+ 19. Nxf3 Bg4 20.
Nd4 Bxe2 21. Rxe2 1/2-1/2

[Event "Najdorf Memorial"]
[Site "Warsaw POL"]
[Date "2023.07.19"]
[Round "9.7"]
[White "Wiech, Grzegorz"]
[Black "Gagare, Shardul"]
[Result "0-1"]
[WhiteElo "2140"]
[BlackElo "2480"]

1. e4 e6 2. d4 d5 3. Nc3 Nf6 4. Bg5 dxe4 5. Nxe4 Be7 6. Nxf6+ Bxf6 7. Bxf6
Qxf6 8. Nf3 O-O 9. Qd2 c5 10. O-O-O Rd8 11. Qc3 cxd4 12. Rxd4 Bd7 13. Rd3
Qe7 14. Ne5 Rc8 15. Qd4 Nc6 16. Nxc6 Bxc6 17. Rg3 e5 18. Qg4 g6 19. Bd3 Bd5
20. Kb1 e4 21. Re1 Qc5 22. Bxe4 Qa5 23. Ree3 Qxa2+ 24. Kc1 Qa1+ 25. Kd2
Qxb2 26. Bxd5 Rxc2+ 27. Kd3 Rd2+ 28. Kc4 Qc2+ 29. Rc3 Qa4+ 30. Kc5 Qa5+ 0-1

[Event "Najdorf Memorial"]
[Site "Warsaw POL"]
[Date "2023.07.19"]
[Round "9.8"]
[White "Taranowicz, Michal"]
[Black "Sieciechowicz, Marcin"]
[Result "1-0"]
[WhiteElo "2005"]
[BlackElo "2395"]

1. e4 c5 2. Nf3 d6 3. d4 cxd4 4. Nxd4 Nf6 5. Nc3 a6 6. Bc4 e6 7. Bb3 b5 8.
f3 Be7 9. Be3 O-O 10. Qd2 Bb7 11. g4 Nc6 12. O-O-O Rc8 13. h4 Nd7 14. g5
Nde5 15. Qg2 Nxd4 16. Bxd4 Nc4 17. Bxc4 Rxc4 18. Kb1 Qa5 19. Bf6 b4 20. Ne2
Qc7 21. b3 Rc5 22. Nf4 Rc8 23. Rd2 Bf8 24. Bb2 a5 25. h5 e5 26. Nd3 Rc6 27.
f4 Ba6 28. Ne1 exf4 29. h6 g6 30. Qf2 Qe7 31. Qxf4 Rc5 32. Bf6 Qe6 33. Nf3
Bb7 34. Re1 Re8 35. Bd4 Rcc8 36. Nh2 Bxe4 37. Ng4 Bxc2+ 38. Kb2 Qxe1 39.
Nf6+ Kh8 40. Nxe8+ Kg8 41. Nf6+ Kh8 42. Rxc2 1-0

[Event "Najdorf Memorial"]
[Site "Warsaw POL"]
[Date "2023.07.19"]
[Round "9.9"]
[White "Chomczyk, Marek"]
[Black "Tsiapko, Andrii"]
[Result "1-0"]
[WhiteElo "2277"]
[BlackElo "1996"]

1. c4 e6 2. g3 d5 3. Bg2 Nf6 4. Nf3 Be7 5. O-O O-O 6. d4 c6 7. Nc3 b6 8.
Ne5 Bb7 9. e4 dxc4 10. Nxc4 Ba6 11. b3 b5 12. Ne3 b4 13. Ne2 Nbd7 14. Bb2
Nb6 15. Re1 Rc8 16. Nf4 Qd7 17. Ng4 Rfd8 18. Bh3 Qe8 19. d5 cxd5 20. Nxf6+
Bxf6 21. Bxf6 gxf6 22. Qg4+ Kh8 23. Qh4 Qf8 24. Bxe6 Rb8 25. Qxf6+ Qg7 26.
Qxg7+ Kxg7 27. Bxd5 Nxd5 28. exd5 Bb7 29. Rad1 Rd7 30. Rd4 Rbd8 31. Rxb4
Bxd5 32. Nxd5 Rxd5 33. Re7 a5 34. Rf4 Rf8 35. Ra7 1-0

[Event "Najdorf Memorial"]
[Site "Warsaw POL"]
[Date "2023.07.19"]
[Round "9.10"]
[White "Padalka, Artem"]
[Black "Mulawa, Cyprian"]
[Result "0-1"]
[WhiteElo "2158"]
[BlackElo "2202"]

1. d4 d5 2. Nf3 Nf6 3. c4 c6 4. g3 dxc4 5. Bg2 e6 6. O-O b5 7. a4 Bb7 8. b3
cxb3 9. Qxb3 a6 10. Bg5 Be7 11. Nc3 O-O 12. Bxf6 Bxf6 13. Ne4 Nd7 14. Rfc1
Rb8 15. e3 e5 16. Nd6 Ba8 17. axb5 exd4 18. exd4 Be7 19. Nf5 Rxb5 20. Qc2
Bb7 21. Qe4 Bb4 22. Qg4 g6 23. Ne3 Nf6 24. Qf4 Nd5 25. Qh6 Nxe3 26. Qxe3 f6
27. Bf1 Rb6 28. h4 Re8 29. Qb3+ Kg7 30. Qd3 a5 31. Qc2 Bc8 32. Bg2 Bf5 33.
Qa4 Be4 34. Rd1 Rb8 35. Ne1 Qd5 36. Bxe4 Rxe4 37. Nc2 Re2 38. Nxb4 Rxb4 39.
Qxa5 Qf3 40. Rf1 Rbb2 41. Qc7+ Kh6 42. Ra7 Kh5 43. Ra3 Rxf2 44. Qxh7+ Kg4
45. Qd7+ f5 46. Rxf3 Rg2+ 47. Kh1 Rh2+ 48. Kg1 Rbg2# 0-1

[Event "Najdorf Memorial"]
[Site "Warsaw POL"]
[Date "2023.07.19"]
[Round "9.11"]
[White "Zdybel, Przemyslaw"]
[Black "Lisowski, Krzysztof"]
[Result "1-0"]
[WhiteElo "2188"]
[BlackElo "2128"]

1. b3 d5 2. Bb2 Bf5 3. d3 e6 4. Nd2 Nf6 5. g3 c6 6. Ngf3 h6 7. Bg2 a5 8. a3
Bh7 9. O-O Be7 10. e4 O-O 11. Qe2 Nbd7 12. Rfe1 Qb6 13. Rab1 Rfd8 14. h3
Rac8 15. Nh2 Qa6 16. f4 dxe4 17. dxe4 Bc5+ 18. Kh1 Qa7 19. Nhf1 Bd4 20. c3
Bf2 21. Red1 b5 22. Rbc1 e5 23. f5 Bb6 24. b4 axb4 25. axb4 Qa2 26. Rc2 Ne8
27. Ra1 1-0

[Event "Najdorf Memorial"]
[Site "Warsaw POL"]
[Date "2023.07.19"]
[Round "9.12"]
[White "Kaczmarek, Aleksander"]
[Black "Mirski, Stanislaw"]
[Result "0-1"]
[WhiteElo "2313"]
[BlackElo "2139"]

1. e4 c5 2. b3 Nc6 3. Bb2 a6 4. d3 e5 5. Ne2 g6 6. Nbc3 Bg7 7. g3 Nge7 8.
Bg2 O-O 9. h4 d6 10. h5 Bg4 11. h6 Bh8 12. Qd2 Nd4 13. Nxd4 cxd4 14. Ne2 d5
15. f3 Be6 16. f4 dxe4 17. dxe4 Bg4 18. Nc1 exf4 19. gxf4 Nc6 20. Nd3 Re8
21. Kf2 Be6 22. Kg1 Bf6 23. Qf2 Rc8 24. Rf1 Bd7 25. Qg3 Be7 26. f5 Bg5 27.
fxg6 fxg6 28. Nc5 Be3+ 29. Kh2 Ne5 30. Nxd7 Qxd7 31. Rf5 Qd6 32. Kh3 Kh8
33. Rd1 Rxc2 34. Qxe3 gxf5 35. Bxd4 Qe6 36. Qf4 fxe4+ 37. Kh2 Kg8 38. Kh1
Qg4 39. Qxg4+ Nxg4 40. Re1 Rd2 41. Bg7 Rd1 42. Rxd1 Nf2+ 43. Kh2 Nxd1 44.
Kg3 Ne3 45. Bh3 Kf7 46. Kf2 Nd5 47. Bd7 e3+ 48. Ke2 Re7 49. Bf5 Nf4+ 50.
Kf3 Ne6 51. Bc3 e2 52. Kf2 Ng5 53. Bb4 Re5 54. Bd3 Nh3+ 55. Ke1 Nf4 56.
Bxh7 Ng2+ 57. Kf2 e1=Q+ 58. Bxe1 Nxe1 59. b4 Re6 60. Bb1 Rxh6 61. a3 Nc2
0-1

[Event "Najdorf Memorial"]
[Site "Warsaw POL"]
[Date "2023.07.19"]
[Round "9.13"]
[White "Cherniaiev, Tykhon"]
[Black "Kowalczyk, Rafal"]
[Result "0-1"]
[WhiteElo "2331"]
[BlackElo "2173"]

1. d4 d5 2. c4 dxc4 3. Nf3 Nf6 4. e3 e6 5. Bxc4 a6 6. a4 c5 7. O-O Nc6 8.
dxc5 Qc7 9. b3 Bxc5 10. Bb2 O-O 11. Nc3 b6 12. Rc1 Bb7 13. Qe2 h6 14. h3
Na5 15. Nb1 Nxc4 16. Rxc4 Qe7 17. Ne5 Bd5 18. Rf4 Nd7 19. Nxd7 Qxd7 20. Rd1
Qe7 21. b4 Bd6 22. Rg4 f6 23. e4 Bb3 24. Rf1 e5 25. Bc3 Be6 26. Rg3 Bxb4
27. Bb2 Bc5 28. Nc3 Rfd8 29. Nd5 Bxd5 30. exd5 Rxd5 31. Bc1 Kh8 32. Qh5 Qe8
33. Qf5 Qf7 34. Re1 Rad8 35. Qf3 Bf8 36. Kh2 Rd4 37. Qc6 R4d6 38. Qf3 Rd4
39. Qc6 R4d6 40. Qf3 b5 41. axb5 axb5 42. Rxe5 Rd3 43. Qf5 Rxg3 44. fxg3 b4
45. Rb5 Qd7 46. Qxd7 Rxd7 47. h4 Rd3 48. Bf4 g5 49. hxg5 hxg5 50. Bc1 Bd6
51. Bb2 Bxg3+ 52. Kh3 Be5+ 53. Kg4 Bxb2 54. Rb7 Kg8 55. Kf5 Bc3 56. Kg6 Kf8
57. g4 Ke8 58. Kf5 Re3 59. Rb6 Kd7 60. Rb5 Re5+ 61. Rxe5 fxe5 62. Kxg5 b3
63. Kh6 b2 64. g5 b1=Q 65. g6 Ke6 66. g7 Kf6 67. g8=Q Qh1# 0-1

[Event "Najdorf Memorial"]
[Site "Warsaw POL"]
[Date "2023.07.19"]
[Round "9.15"]
[White "Mickiewicz, Piotr"]
[Black "Gorkiewicz, Mateusz"]
[Result "1-0"]
[WhiteElo "2245"]
[BlackElo "2122"]

1. Nf3 Nf6 2. c4 e6 3. g3 d5 4. Bg2 Be7 5. b3 O-O 6. O-O b6 7. Bb2 Bb7 8.
e3 c5 9. Qe2 dxc4 10. bxc4 Nc6 11. Ne5 Qc7 12. f4 Rfd8 13. Nc3 a6 14. Rf2
Na5 15. g4 Bxg2 16. Rxg2 Nc6 17. g5 Ne8 18. Ne4 g6 19. Ng4 Ra7 20. Rf1 Qd7
21. Ngf6+ Nxf6 22. Nxf6+ Bxf6 23. Bxf6 Rb8 24. Rg3 Ne7 25. e4 h5 26. Rh3
Kf8 27. Rxh5 gxh5 28. Qxh5 Ng6 29. f5 Qxd2 30. fxg6 Qe3+ 31. Kg2 Qxe4+ 32.
Kh3 Ke8 33. Qh8+ Kd7 34. Qxb8 Qd3+ 35. Kg2 Qe2+ 36. Kg3 Rc7 37. Qd8+ Kc6
38. Qa8+ Rb7 39. Qc8+ Rc7 40. Qa8+ Rb7 41. gxf7 Qxf1 42. Qe8+ Rd7 43. Qxe6+
Kc7 44. Be5+ Kc8 45. Qe8+ 1-0